Cultura generale ITA #6 - Statistics

Statistiche generali
  • Questo quiz è stato fatto 527 volte
  • Il punteggio medio è 10 su 20
Statistiche sulle risposte
Hint Risposta % Corretto
Regione Italiana senza tratti costieri che non confina con uno stato estero Umbria
95%
Può essere bianco, rosso o rosé Vino
94%
Organo che mantiene il potere legislativo in Italia Parlamento
91%
Forma dei segnali di stop in Italia Ottagono
80%
Quel che comprò il padre di Angelo Branduardi alla fiera dell'est Un topolino
80%
Bioma caratterizzato da scarse precipitazioni e forti escursioni termiche tra giorno e notte Deserto
59%
I due grandi partiti di massa della Prima Repubblica Democrazia Cristiana
58%
Soprannome di Federico I Hohenstaufen, famoso per le guerre contro i comuni italiani Barbarossa
56%
Pianta utilizzata da Socrate per suicidarsi Cicuta
56%
Opera principale dell'intellettuale illuminista italiano Cesare Beccaria Dei delitti e delle pene
52%
Nome del primo essere vivente ad andare nello spazio Laika
46%
Prima scuderia italiana a vincere il campionato mondiale di formula 1 Alfa Romeo
45%
I due grandi partiti di massa della Prima Repubblica Partito Comunista Italiano
43%
Il supereroe di Paperopoli Paperinik
42%
Il cane di Tre uomini e una gamba Ringhio
34%
La parte grassa del latte Burro
23%
Causa della morte del politico ateniese Pericle Peste
19%
Città intorno alla quale orbita la trama de "Il partigiano Johnny" di Beppe Fenoglio Alba
8%
Nel gergo del gaming, la ricompensa ottenuta da un giocatore per l'eliminazione di un nemico Drop
7%
Battaglia in cui l'esercito romano soffrì un'importante sconfitta militare contro i parti all'epoca del primo triumvirato Battaglia di Carre
3%
Nessun quiz corrispondente trovato
Distribuzione punteggi
Percentuale di utenti per punteggio
Percentile per numero di risposta
I tuoi punteggi nel tempo
Non hai fatto questo quiz